NCAAM Basketball Logo Quiz: West Coast - Statistics

General Stats
  • This quiz has been taken 145 times
    29 since last reset
  • The average score is 10 of 12
Answer Stats
Picture Answer % Correct
Oregon St.
100%
Washington St.
100%
Gonzaga
96%
Saint Mary's
96%
San Francisco
96%
San Diego
92%
Pepperdine
88%
Portland
81%
Santa Clara
81%
Pacific
69%
Loyola Marymount
65%
Seattle U
62%
No matching quizzes found
Score Distribution
Percent of People with Each Score
Percentile by Number Answered
Your Score History
You have not taken this quiz since the last reset